UBT Library

GOOD TO GREAT (Record no. 36726)

000 -LEADER
fixed length control field 00284nam a22001337a 4500
008 - FIXED-LENGTH DATA ELEMENTS--GENERAL INFORMATION
fixed length control field 171031b xxu||||| |||| 00| 0 eng d
020 ## - INTERNATIONAL STANDARD BOOK NUMBER
International Standard Book Number 9780066620992
041 ## - LANGUAGE CODE
Language code of text/sound track or separate title eng
080 ## - UNIVERSAL DECIMAL CLASSIFICATION NUMBER
Universal Decimal Classification number 33
100 ## - Rafti
Rafti 55
101 ## - Shkurtesa
Shkurtesa BUS
245 ## - TITLE STATEMENT
Title GOOD TO GREAT
Statement of responsibility, etc COLLINS.J
942 ## - ADDED ENTRY ELEMENTS (KOHA)
Source of classification or shelving scheme
Item type Books
Holdings
Withdrawn status Lost status Source of classification or shelving scheme Damaged status Not for loan Collection code Permanent location Current location Shelving location Date acquired Total Checkouts Full call number Barcode Date last seen Price effective from Koha item type
          Koleksioni i përgjithshem UBT - Lipjan UBT - Lipjan Koleksioni i përgjithshem 10/31/2017   33 COL 002-2935202 10/31/2017 10/31/2017 Books
          Koleksioni i përgjithshem UBT - Lipjan UBT - Lipjan Koleksioni i përgjithshem 10/31/2017   33 COL 002-2935207 10/31/2017 10/31/2017 Books
          Koleksioni i përgjithshem UBT - Lipjan UBT - Lipjan   04/23/2025   33COL 002-800070999599 04/23/2025 04/23/2025 Books
UBT Library © 2015-2024. All rights reserved University Education for Business and Technology